000 00641nam a2200193Ia 4500
008 151119s9999||||xx |||||||||||||| ||und||
082 _a823.91
082 _bGKKV31947
100 _aनिलेकणी नंदन
245 _aइमँजिनिंग इंडिया
260 _aपुणे
260 _bमेहता पब्लीशिग हाउस
260 _c0
600 _aनिलेकणी नंदन
630 _aइमँजिनिंग इंडिया
700 _aनिलेकणी नंदन
730 _aइमँजिनिंग इंडिया
942 _cBOOK
999 _c1084259
_d1084256